|
|
|
|
| LEADER |
00000nam a2200000 a 4500 |
| 001 |
vtls001295509 |
| 003 |
SK-MaSNL |
| 005 |
20260301113638.0 |
| 008 |
160610s1996 xo 00000 slo |
| 015 |
|
|
|a SNBE1997/03-01362
|
| 035 |
|
|
|a SNK000247325
|
| 035 |
|
|
|a urn:nbn:sk:snk-amkus3
|
| 035 |
|
|
|a urn:nbn:sk:snk-am004fxf
|
| 035 |
|
|
|a 688A7DC1-31C8-4252-8423-A89E65A7D1E8
|
| 040 |
|
|
|a SNK
|b slo
|c SNK
|e AACR2
|
| 041 |
0 |
|
|a slo
|a ger
|
| 044 |
|
|
|a xo
|c SK
|
| 080 |
|
|
|a 73/76(436)+77.04(436):061.4(083.97)=854=30
|2 1981
|
| 080 |
|
|
|a 77.04(436)
|2 1981
|
| 080 |
|
|
|a 069.6.02:73/76
|2 1981
|
| 245 |
0 |
0 |
|a Oravská galéria v Dolnom Kubíne ... vás srdečne pozývajú na vernisáž výstavy Chronicky akútne ("Plus 1000")
|b [pozvánka] : dňa 3.5.1996 ...
|
| 246 |
1 |
0 |
|a Chronicky akútne ("Plus 1000")
|
| 246 |
1 |
1 |
|a Chronisch akut ("Plus 1000")
|
| 260 |
|
|
|a Dolný Kubín
|b Oravská galéria
|c 1996
|
| 300 |
|
|
|a 1 list ([1] s.)
|c 11 x 15 cm
|
| 500 |
|
|
|a Súbežný text nemecky
|
| 610 |
2 |
7 |
|a Oravská galéria (Dolný Kubín, Slovensko)
|2 SNK
|9 32352
|
| 648 |
|
7 |
|a 1996
|2 SNK
|9 283904
|
| 650 |
0 |
7 |
|a rakúske výtvarné umenie
|2 SNK
|9 85878
|
| 650 |
0 |
7 |
|a umelecká fotografia
|2 SNK
|9 29370
|
| 650 |
0 |
7 |
|a výstavy
|2 SNK
|9 2780
|
| 651 |
|
7 |
|a Dolný Kubín (Slovensko)
|2 SNK
|9 168992
|
| 655 |
|
7 |
|a pozvánky
|2 SNK
|9 71913
|
| 710 |
2 |
|
|a Oravská galéria (Dolný Kubín, Slovensko)
|4 orm
|9 32352
|
| 999 |
|
|
|c 715035
|d 716965
|
| 952 |
|
|
|t P60, <03>, [BOOK], {603}
|a SNK
|b SNK
|y PREZ
|7 0
|p 17A1162674
|o snkLSE 724
|i snkKSP 8418/97
|0 0
|1 0
|4 0
|d 1997-08-01
|f 1
|l 0
|r 2005-01-02 00:00:00
|w 2026-02-23
|